| 000 | 01007cam a22002895a 4500 | ||
|---|---|---|---|
| 001 | 18323246 | ||
| 005 | 20160309123824.0 | ||
| 008 | 141002s2014 moua b 001 0 eng | ||
| 020 | _a9781455744763 | ||
| 020 | _a145574476X | ||
| 040 |
_aNLM _beng _cNLM _dAU@ _dOCLCO _dUOH _dVET _dCUD _dOCLCF _dDLC _dEG-ScBUE |
||
| 082 | 0 | 4 |
_a617.69 _222 _bTOR |
| 100 | 1 |
_aTorabinejad, Mahmoud. _939503 |
|
| 245 | 1 | 0 |
_aPrinciples and practice of single implant and restoration / _cMahmoud Torabinejad, Mohammad A. Sabeti, Charles J. Goodacre. |
| 246 | 3 | 0 | _aSingle implant and restoration |
| 260 |
_aMissouri : _bElsevier / Saunders, _cc.2014. |
||
| 300 |
_axviii, 200 p. : _bill. (chiefly col.) ; _c29 cm. |
||
| 500 | _aIndex : p. 189-200. | ||
| 504 | _aIncludes bibliographical references. | ||
| 650 | 7 |
_aDental implants. _2BUEsh _935980 |
|
| 650 | 0 |
_aFillings (Dentistry) _2BUEsh |
|
| 651 | _2BUEsh | ||
| 653 |
_bDDent _cMarch2016 |
||
| 700 | 1 | _aSabeti, Mohammad A. | |
| 700 | 1 | _aGoodacre, Charles J. | |
| 942 | _2ddc | ||
| 999 |
_c21351 _d21323 |
||